| 000 | 01943cam a22005054i 4500 | ||
|---|---|---|---|
| 003 | PE-LiUPU | ||
| 005 | 20250731173357.0 | ||
| 008 | 150706s r 000 0 d | ||
| 020 | _a080063439X | ||
| 035 | _a(Sirsi) i9780800634391 | ||
| 040 |
_aPE-LiUPU _bspa _cPE-LiUPU _erda |
||
| 049 | _aPRUA | ||
| 082 | 0 | 4 |
_a225.61 _bJ66 _221 |
| 100 | 1 |
_aJohnson, Luke Timothy, _eautor. |
|
| 245 | 1 | 4 |
_aThe writings of the New Testament : _ban interpretation / _cLuke Timothy Jonhnson. |
| 264 | 1 |
_aMinneapolis : _bFortress Press, _c1999. |
|
| 300 | _a01 CD-Rom | ||
| 300 |
_a694 páginas : _bilustraciones ; _c24 centímetros |
||
| 336 |
_atext _2rdacontent |
||
| 337 |
_aunmediated _2rdamedia |
||
| 338 |
_avolume _2rdacarrier |
||
| 504 | _aIncluye notas bibliográficas. | ||
| 505 | 0 | _aThe symbolic world of the New Testament -- The christian experience -- The synoptic tradition -- Pauline traditions -- Other canonical Witnesses -- The Johannine traditions. | |
| 526 | _aSEG42 | ||
| 526 | _aSEG41 | ||
| 526 | _aSEG40 | ||
| 526 | _aSEG39 | ||
| 526 | _aP94 | ||
| 526 | _aP87 | ||
| 526 | _aP86 | ||
| 526 | _aP85 | ||
| 526 | _aP77 | ||
| 526 | _aP76 | ||
| 526 | _aP35 | ||
| 541 | _g9780800634391; | ||
| 630 | 0 | 4 |
_aBiblia. _pN.T. _xIntroducciones. |
| 700 | 1 |
_aPenner, Todd C., _eautor. |
|
| 910 |
_agl _bjck _d20101215 |
||
| 942 |
_2ddc _cBOOK |
||
| 949 |
_a225.61 J66 _wDEWEY _c1 _i62386 _lCCODEBUL1 _mBUL _p10.00 _r0 _sY _tBOOK _u2015-7-6 _xTEOLOGIA _PP35 _0COMPRA _o.STAFF. Colección General |
||
| 994 |
_aC0 _bPEPRU |
||
| 596 | _a1 | ||
| 999 |
_a225.61 J66 _wDEWEY _c51415 _i62386 _d51415 _f2021-11-9 _g5 _lCCODEBUL1 _mBUL _p10.00 _q2 _r0 _sY _tBOOK _u2015-7-6 _xTEOLOGIA _PP35 _0COMPRA _o.STAFF. Colección General |
||
| 999 |
_a225.61 J66 _wDEWEY _c2 _i75456 _f2021-11-9 _g4 _lCCODEBUL1 _mBUL _p5.00 _r0 _sY _tBOOK _u2017-5-8 _xTEOLOGIA _PP85 _0DONACION |
||
| 980 |
_81 _gALBERTO SANCHEZ Responsable de Automatización |
||